Les 10 villes de Suisse les plus peuplées commençant par Z - Statistiques

Statistiques générales
  • Ce quiz a été pris 15 fois
  • Le résultat moyen est 2 sur 10
Statistiques - réponses
# Ville Population % Correct
1 Zurich 433.898
100%
2 Zoug 31.995
60%
9 Zermatt 6.023
27%
4 Zofingue 12.796
20%
5 Zollikofen 11.477
7%
3 Zollikon 13.570
7%
6 Zuchwil 9.452
7%
8 Zell 6.717
0%
10 Zumikon 5.766
0%
7 Zurzach 8.237
0%
Aucun quiz correspondant
Distribution des résultats
% des personnes avec chaque résultat
Percentile par nombre de réponses
Votre historique - résultats
Vous n’avez pas pris ce quiz